=LDR 00000nam 2200000 4500 =001 INLIS000000000038059 =005 20130612143743 =008 ***********************************ind** =035 ##$$0010-061300000038059 =041 ##$$a ind =082 ##$$a 320.409 =100 ##$$a poelinggomang,edward l =245 ##$$a perubahan politik =260 ##$$a 2004 $b yogyakarta =300 ##$$a 244hlm =850 ##$$a NBPNMAT